00758nam a2200217Ia 450000500170000000800410001704100080005808200160006610000330008224500430011525000120015826000460017030000090021650000420022565000490026770000330031690600080034994200070035799900170036495201590038120230502184900.0230125s9999 xx 000 0 und d aeng a344.01bPRO aProfessional Book Publishers aThe Environment (Protection) Act, 1986 a1st Ed. c2020bProfessional Book Publisher.aDelhi a526p aBare Acts;Environment Protection Act  aBare Acts;Environment Protection Act9181343 aProfessional Book Publishers b105 cBK c96826d96826 00104070aHIMRbHIMRd2021-03-13eForward Booksg420.00i11381l0o344.01 PRO B21748pHIMR-BK-21748r2023-01-25 00:00:00v315.00w2021-03-12yBKzB21748